The guide to careers in regeneration 2006-2007 (Record no. 78293)
[ view plain ]
| 000 -LEADER | |
|---|---|
| fixed length control field | 01052cab a2200205 4500 |
| 001 - CONTROL NUMBER | |
| control field | L136442 |
| 008 - FIXED-LENGTH DATA ELEMENTS--GENERAL INFORMATION | |
| fixed length control field | 070131n2006 000 0 eng u |
| 035 ## - SYSTEM CONTROL NUMBER | |
| System control number | (Sirsi) u136442 |
| 041 0# - LANGUAGE CODE | |
| Language code of text/sound track or separate title | eng |
| 245 04 - TITLE STATEMENT | |
| Title | The guide to careers in regeneration 2006-2007 |
| 260 ## - PUBLICATION, DISTRIBUTION, ETC. | |
| Date of publication, distribution, etc. | 2006 |
| 490 #0 - SERIES STATEMENT | |
| Series statement | Regeneration and Renewal |
| Volume/sequential designation | 27 October 2006 Supplement, 1-51(31) (LOAN) |
| 520 ## - SUMMARY, ETC. | |
| Summary, etc. | Profiles the types of jobs that are available in regeneration projects in the public, private and voluntary sectors, and the levels of financial remuneration for these sectors. Discusses the shortage of skills in the sector and what different bodies are doing to address these shortages. Discusses the types of courses that are becoming available as postgraduate courses, with multi-disciplinary courses emerging. Provides a listing of related postgraduate training courses. |
| 590 ## - LOCAL NOTE (RLIN) | |
| Local note | KA |
| 651 #4 - SUBJECT ADDED ENTRY--GEOGRAPHIC NAME | |
| Geographic name | United Kingdom |
| Chronological subdivision | |
| 690 ## - LOCAL SUBJECT ADDED ENTRY--TOPICAL TERM (OCLC, RLIN) | |
| Topical term or geographic name as entry element | PROPERTY-PROPERTY MANAGEMENT-REGENERATION |
| 690 ## - LOCAL SUBJECT ADDED ENTRY--TOPICAL TERM (OCLC, RLIN) | |
| Topical term or geographic name as entry element | CAREERS, EDUCATION AND TRAINING |
| 700 1# - ADDED ENTRY--PERSONAL NAME | |
| Personal name | Ross, Matt |
| Relator term | Editor |
| 942 ## - ADDED ENTRY ELEMENTS (KOHA) | |
| Suppress in OPAC | 0 |
| Withdrawn status | Lost status | Source of classification or shelving scheme | Damaged status | Not for loan | Home library | Current library | Shelving location | Date acquired | Total Checkouts | Full call number | Barcode | Date last seen | Copy number | Price effective from | Koha item type |
|---|---|---|---|---|---|---|---|---|---|---|---|---|---|---|---|
| Dewey Decimal Classification | London | London | Journal article | 31/01/2007 | L136442 | 30070095 | 06/08/2019 | 1 | 06/08/2019 | Journal article |